000 00722nam a2200193 a 4500
001 000028693
005 20240316073901.0
008 110125s2003 dr 000 0 spa d
040 _aDO-SdBNP
_bspa
_aBNPHU
082 _axxx
_bG216m
100 _aGarcía Carrasco, Félix,
_918191
245 1 0 _aMujer y Madre :
_bsobre mujer en el día de la madre /
_cFélix García Carrasco; editor Tomás Castro Burdiez.
260 _aSanto Domingo :
_bFundación para al Educación y el Arte (EDUCARTE ),
_c2003.
300 _a20 P. :
_bil., ;
_c21 cm.
490 1 _aCuadernos educativos y culturales
_vno. 16
700 _aCastro, Tomás,
_d1959-
_eed.
_924641
830 0 0 _aCuadernos educativos y culturales
_n16
_955675
049 _aBNPD
999 _c28185
_d28185